000 00554 a2200205 4500
005 20260514105239.0
008 260513b |||||||| |||| 00| 0 eng d
020 _a9788170770033
_cRs. 1300.00
040 _aMAIN
082 _a294.5923
_bS71M
100 _aSaraswati, Jagdishwaranand
245 _aMahabharatam
260 _aDelhi
_bVijaykumar Govindram Hasanand
_c2025
300 _axxiv, 1444
650 _aMahabharata
650 _aSanskrit Literature
650 _aMahabharata-Commentaries
650 _aEpic Poetry, Sanskrit
942 _cBK
999 _c397045
_d397045